[Event "78th LOTTO POL-ch 2021"]
[Site "Bydgoszcz"]
[Date "2021.05.05"]
[Round "3.2"]
[White "Teclaf, Pawel"]
[Black "Moranda, Wojciech"]
[Result "1-0"]
[WhiteElo "2502"]
[BlackElo "2618"]
[Annotator "TA"]
[PlyCount "73"]
[EventDate "2021.04.29"]
[EventType "k.o."]
[EventCountry "POL"]
[SourceTitle "playchess.com"]
[Source "ChessBase"]
[SourceQuality "1"]

{[%evp 13,73,33,40,35,42,25,25,9,17,0,-15,-8,34,14,15,0,47,4,4,0,0,0,0,0,0,-33,0,-15,-9,-16,-14,-14,0,0,0,0,0,8,26,20,112,104,111,73,79,43,53,31,104,104,114,97,108,77,95,95,132,30,25,7,13,11]} 1. e4 c6 2. d4 d5 3. exd5 cxd5 4. Bd3 Nc6 5. c3 g6 6. Nf3 Nf6 {6...Bf5 is a critical line.} 7. Bf4 Bf5 8. Bxf5 {B13: Caro-Kann: Exchange Variation and Panov-Botvinnik Attack.} gxf5 9. O-O e6 10. Re1 {White has an edge.} Rg8 11. Nbd2 Nh5 12. Be5 {[#]} Be7 $146 (12... Qe7 {is interesting.} 13. Bg3 Nxg3 14. hxg3 Qc7 15. Qe2 f4) ({Predecessor:} 12... Qe7 13. Bg3 Nxg3 14. hxg3 O-O-O 15. b4 Kb8 16. Nb3 Qc7 17. Rb1 Bd6 18. Qd3 Rg7 {0-1 (54) Sherwood,R (1796)-Egorov,V (2020) LSS email 2011}) 13. Nf1 Kf8 14. Ng3 Nxg3 15. hxg3 Nxe5 16. Nxe5 Bf6 17. Qd2 Bxe5 18. Rxe5 Rc8 19. a4 Rg6 20. a5 Kg7 21. Ree1 h5 22. Qf4 Kh7 23. f3 Qd7 24. Kf2 Rcg8 25. Rh1 Rh6 26. Rh3 f6 (26... Qb5 $11 {keeps the balance.} 27. Qd2 Kg7) 27. Rah1 $16 Rg5 28. Qe3 Kg6 29. Qe2 Rh8 30. g4 Qd6 ({Black should try} 30... fxg4 $14 31. fxg4 Qd6) 31. gxf5+ Rxf5 32. g4 Rg5 33. Qe3 Rh7 34. Ke1 f5 35. gxh5+ (35. Rg1 $16 Qe7 36. Rxh5 Rhxh5 37. gxh5+ Kxh5 38. Rh1+ Kg6 39. Rh8) 35... Rgxh5 $11 36. Rg1+ Kf7 37. Rxh5 {[%mdl 32768] Weighted Error Value: White=0.20/Black=0.16. Loss on time!?} 1-0

[Event "78th LOTTO POL-ch 2021"]
[Site "Bydgoszcz"]
[Date "2021.05.05"]
[Round "3.3"]
[White "Moranda, Wojciech"]
[Black "Teclaf, Pawel"]
[Result "1-0"]
[WhiteElo "2618"]
[BlackElo "2502"]
[Annotator "RC"]
[PlyCount "51"]
[EventDate "2021.04.29"]
[EventType "k.o."]
[EventCountry "POL"]
[SourceTitle "playchess.com"]
[Source "ChessBase"]
[SourceQuality "1"]
[TimeControl "900+10"]

1. d4 {[%emt 0:00:00]} e6 {[%emt 0:00:00]} 2. Nf3 {[%emt 0:00:00]} c5 {[%emt 0:00:00]} 3. c4 cxd4 {[%emt 0:00:00]} 4. Nxd4 {[%emt 0:00:01]} a6 {[%emt 0:00:00]} 5. Nc3 {[%emt 0:00:03]} Nf6 {[%emt 0:00:00]} 6. g3 {[%emt 0:00:01]} Qc7 {[%emt 0:00:00]} 7. Bg2 {[%emt 0:00:02]} Qxc4 {[%emt 0:00:19]} 8. O-O {[%emt 0:00:02]} Nc6 {[%emt 0:00:56]} 9. Nb3 {[%emt 0:00:05]} Be7 {[%emt 0:01:05]} 10. e4 {[%emt 0:00:35]} Qb4 {[%emt 0:00:32]} 11. Bf4 {[%emt 0:02:01]} d6 {[%emt 0:01:35]} 12. Be3 {[%emt 0:00:37]} Ne5 {[%emt 0:01:48]} 13. a3 {[%emt 0:00:23]} Qc4 {[%emt 0:00:02]} 14. Rc1 {[%emt 0:00:04]} Qd3 {[%emt 0:00:01]} 15. Nd2 {[%emt 0:01:10]} Nfg4 {[%emt 0:01:41]} 16. Bb6 {[%emt 0:00:30]} Bg5 {[%emt 0:01:42]} 17. f4 {[%emt 0:03:57]} Ne3 {[%emt 0:00:03]} 18. Bxe3 {[%emt 0:00:13]} Qxe3+ {[%emt 0:00:01]} 19. Kh1 {[%emt 0:00:03]} Bh6 {[%emt 0:00:32]} 20. Rc2 {[%emt 0:01:30]} Nd3 {[%emt 0:03:07]} 21. Ndb1 {[%emt 0:00:02]} Bxf4 {[%emt 0:04:00]} 22. gxf4 {[%emt 0:00:18]} Nxf4 {[%emt 0:00:01]} 23. Qxd6 {[%emt 0:00:13]} Nxg2 {[%emt 0:00:25]} 24. Rxg2 {[%emt 0:00:12]} Bd7 {[%emt 0:00:02]} 25. Nd2 {[%emt 0:00:24]} Rc8 {[%emt 0:00:10]} 26. Rxf7 {[%emt 0:00:32]} 1-0

[Event "78th LOTTO POL-ch 2021"]
[Site "Bydgoszcz"]
[Date "2021.05.05"]
[Round "3.4"]
[White "Teclaf, Pawel"]
[Black "Moranda, Wojciech"]
[Result "1/2-1/2"]
[WhiteElo "2502"]
[BlackElo "2618"]
[Annotator "TA"]
[PlyCount "118"]
[EventDate "2021.04.29"]
[EventType "k.o."]
[EventCountry "POL"]
[SourceTitle "playchess.com"]
[Source "ChessBase"]
[SourceQuality "1"]

{[%evp 9,118,14,17,17,27,8,3,4,18,0,-11,-24,-10,-46,0,0,41,38,45,34,48,49,65,62,77,75,83,78,81,83,88,91,93,54,72,71,80,83,93,0,0,0,0,-52,0,0,49,49,49,39,50,50,50,50,50,50,50,50,50,50,50,51,61,61,72,72,80,80,83,80,93,93,93,83,93,86,84,83,93,76,76,76,76,89,84,56,67,56,54,54,56,56,60,31,43,38,38,14,18,14,40,39,76,38,38,38,38,45,45,-454,-445]} 1. e4 c6 2. d4 d5 3. exd5 cxd5 4. Bd3 Nf6 5. c3 Bg4 6. Ne2 {B13: Caro-Kann: Exchange Variation and Panov-Botvinnik Attack.} e6 {6...Nc6 gains popularity.} 7. O-O Bd6 8. Qe1 {The position is equal.} Bh5 9. f4 {[#]} O-O $146 ({Predecessor:} 9... Qc7 10. Ng3 Nbd7 11. Nxh5 Nxh5 12. g3 O-O 13. Nd2 Rfe8 14. Qe2 g6 15. Nf3 Nb6 {1-0 (41) Zierk,S (2499)-Postny,E (2600) Chess.com INT 2020}) 10. Ng3 Bg6 11. f5 exf5 (11... Bxg3 $5 12. Qxg3 exf5 $15) 12. Nxf5 Nc6 13. Bg5 Re8 14. Qh4 {Hoping for Nxg7!} Re6 15. Nd2 Bf8 16. Rae1 Rxe1 17. Rxe1 Qd7 18. Qh3 Re8 19. Rf1 {Black must now prevent Bxf6.} Qe6 20. Bxf6 gxf6 21. Nf3 {[%cal Bd2f3,Bf3h4,Bh4f5,Bf5d6][%mdl 32]} Ne7 {[%cal Re7f5]} 22. N3h4 Nxf5 23. Nxf5 Qb6 {[#]} 24. b3 ({White should try} 24. Rb1 $1 $16) 24... Qc7 $11 25. c4 Qa5 26. Qg3 ({White should play} 26. Bb1 $11) 26... dxc4 (26... Qxa2 $15 27. Bb1 (27. cxd5 Qxb3 28. d6 Qc3 $15) 27... Qa5) 27. Bxc4 Kh8 28. Nd6 Re7 29. Qf4 Qc7 30. Qxf6+ Bg7 31. Qf4 Rd7 32. Nxf7+ Bxf7 33. Qxc7 {White threatens Qc8+ and mate.} Bxd4+ 34. Kh1 Rxc7 35. Bxf7 $14 {[%mdl 4096] Endgame KRB-KRB} Kg7 36. Bc4 Bf6 37. Rd1 Re7 38. g3 b6 39. Kg2 Rc7 40. a4 Re7 41. h4 Rc7 42. Kh3 Re7 43. Rd3 Be5 44. Rd8 Bc7 45. Ra8 Bd6 46. Rg8+ Kf6 47. g4 h6 48. Rd8 Re3+ 49. Kg2 Ke7 50. Rg8 Kf6 51. Kf2 Rh3 52. h5 {Rg6+ is the strong threat.} Bf4 $1 53. Rf8+ Kg5 54. Be6 Bd6 (54... Rh2+ {seems wilder.} 55. Ke1 Be3 56. Rf3 Bf4 57. Rd3 Kh4) 55. Rf5+ Kh4 56. Rf6 (56. g5 $5 {[%cal Rg5h6]} Rh2+ 57. Kg1 Kxh5 58. Bf7+ Kg4 {[#]} 59. g6 $1 Kxf5 60. g7 $16) 56... Bc5+ 57. Ke2 Be3 58. Rf7 {aiming for g5.} Bg5 {Strongly threatening ...Re3+.} 59. Rxa7 $2 {[%mdl 8192]} (59. Rf3 $14 {keeps the upper hand.}) 59... Re3+ {[%mdl 32832] Double Attack.  Weighted Error Value: White=0.23/Black=0.08. An unexpected result.} 1/2-1/2

[Event "78th LOTTO POL-ch 2021"]
[Site "Bydgoszcz"]
[Date "2021.05.06"]
[Round "4.1"]
[White "Moranda, Wojciech"]
[Black "Wojtaszek, Radoslaw"]
[Result "1-0"]
[WhiteElo "2618"]
[BlackElo "2694"]
[Annotator "TA"]
[PlyCount "101"]
[EventDate "2021.04.29"]
[EventType "k.o."]
[EventCountry "POL"]
[SourceTitle "playchess.com"]
[Source "ChessBase"]
[SourceQuality "1"]

{[%evp 12,101,54,42,39,47,37,52,53,55,55,53,65,76,64,67,67,74,66,68,66,63,57,58,52,65,79,30,55,30,30,30,61,37,38,54,79,78,83,83,83,83,83,78,83,79,256,250,462,449,462,462,450,461,418,426,545,537,581,531,726,722,766,758,665,737,700,671,730,716,788,745,1533,1446,29966,29967,29966,29964,29967,29966,29969,29970,29975,29976,29976,29977,29976,29978,29976,29976,29966,-29982]} 1. e4 e5 2. Nf3 Nc6 3. Bb5 a6 4. Ba4 Nf6 5. O-O Bc5 6. c3 b5 7. Bc2 d5 {C78: Ruy Lopez: Archangelsk and Möller Defences.} 8. a4 dxe4 9. axb5 $1 Bg4 {[%mdl 64] Pin. White is slightly better.} 10. bxc6 exf3 11. gxf3 Bh3 {is cutting edge theory.} 12. Re1 O-O 13. Ra5 $1 {[%cal Ra5c5]} Qd6 14. b4 Bxf2+ 15. Kxf2 e4 16. Kg1 Rae8 $1 17. Re3 {[%cal Rf3e4]} (17. Rxa6 exf3 18. Rf1 Re2 19. Rf2 Rxf2 20. Kxf2 Re8 21. Qg1 Ng4+ 22. Kxf3 Nxh2+ 23. Qxh2 Qxh2 24. Bxh7+ Kxh7 25. d4 Qg2+ 26. Kf4 g5#) 17... Nh5 $1 18. Rg5 (18. Rxh5 {leads to mate.} Qg6+ 19. Rg5 Qxg5+ 20. Kf2 Qg2+ 21. Ke1 Qf1#) (18. Rxe4 f5 $19) 18... Qh6 19. f4 (19. Rg3 $5 Nxg3 20. hxg3 $14) 19... Nxf4 {[#]} 20. Reg3 $146 ({Predecessor:} 20. Rgg3 f5 21. Qe1 Bg4 22. d4 Nh3+ 23. Kh1 Qh5 24. Nd2 Ng5 25. Qg1 h6 26. Re1 {0-1 (42) Ikeda,J (2452)-Kuybokarov,T (2543) Canberra 2021}) 20... f5 $1 21. Rxg7+ Qxg7 22. Rxg7+ Kxg7 23. Qe1 e3 24. dxe3 ({Wrong is} 24. Qg3+ $2 Kh8 $19) 24... Rf6 {Threatens to win with ...Rg6+.} 25. Kf2 Rg6 {aiming for ...Rg2+.} 26. Nd2 Rg2+ 27. Kf3 Ng6 {( -> ...Ne5+)} 28. e4 {Black must now prevent Qh1.} Ne5+ $2 {Loses the game.} (28... f4 $16 {keeps fighting.}) 29. Ke3 $18 f4+ $2 (29... Rd8 30. exf5 Re8) 30. Kxf4 ({And not} 30. Kd4 Rxd2+ $1 31. Qxd2 Nf3+ 32. Kc5 Nxd2 $17) 30... Ng4 {[#] ...Rf8+ is the strong threat.} 31. e5 $1 Nxe5 32. Qxe5+ Rxe5 33. Kxe5 Rxh2 34. Be4 Re2 35. Nf3 Bg2 {Strongly threatening ...Bxf3.} 36. Kd4 Rf2 37. Ng5 Bxe4 38. Nxe4 Rf1 39. Bg5 Kg6 40. Be7 h5 41. Nc5 a5 42. bxa5 {[%cal Bb4a5,Ba5a6][%mdl 32]} h4 43. Bxh4 {White mates.} Rf4+ 44. Kd5 Rxh4 {[%mdl 4096] Endgame KR-KN} 45. a6 Kf7 46. a7 Rh8 47. Na6 Ra8 48. Nxc7 Rxa7 49. Nb5 Ra5 {[#]} 50. c7 $1 Rxb5+ 51. Ke4 $4 {[%mdl 40960] Weighted Error Value: White=0.02/Black=0.36. Sensor Board Error (Ke4/e5)?} (51. Kc6 {and all is fine.} Rg5 52. c8=Q Rg2 53. Qc7+ Kg6 54. Qf4 Kh5 55. Qf3+ Rg4 {[#]} 56. Qxg4+ $3 {[%mdl 512]} Kxg4 57. c4) 1-0

[Event "78th LOTTO POL-ch 2021"]
[Site "Bydgoszcz"]
[Date "2021.05.06"]
[Round "4.1"]
[White "Socko, Bartosz"]
[Black "Teclaf, Pawel"]
[Result "1/2-1/2"]
[WhiteElo "2618"]
[BlackElo "2502"]
[Annotator "TA"]
[PlyCount "60"]
[EventDate "2021.04.29"]
[EventType "k.o."]
[EventCountry "POL"]
[SourceTitle "playchess.com"]
[Source "ChessBase"]
[SourceQuality "1"]

{[%evp 17,60,39,25,0,3,0,8,5,5,13,8,8,8,1,12,0,0,0,0,0,0,0,13,15,8,0,34,0,0,0,0,0,0,0,0,-18,-24,-20,-21,-35,0,0,0,-6,0]} 1. d4 e6 2. e4 d5 3. Nd2 c5 4. Ngf3 cxd4 5. Nxd4 Nc6 6. Bb5 Bd7 7. Nxc6 Bxc6 8. Bxc6+ bxc6 9. c4 Bc5 10. cxd5 {C07: French Tarrasch: 3...c5, 4 Ngf3 and 4 exd5 Qxd5.} (10. Qa4 {looks sharper.} Qd7 11. O-O Ne7 12. Nb3 Bb6 13. Bf4) 10... cxd5 11. Qa4+ Qd7 12. Qxd7+ Kxd7 13. exd5 exd5 14. O-O Ne7 15. Nb3 Bb6 16. Bd2 Rhc8 17. Bc3 f6 {[#]} 18. Rfe1 $146 ({Predecessor:} 18. Rfd1 Ke6 19. Kf1 Nf5 20. Rd2 Rd8 21. Re1+ Kf7 22. Red1 Ke6 23. a4 a6 24. g4 {½-½ (30) Spasov,V (2606)-Sedlak,N (2546) Vrsac 2010}) 18... a5 19. Rad1 Rc4 20. Re2 a4 21. Nd2 Rcc8 22. Bb4 Bc5 23. Bxc5 Rxc5 24. Ne4 Rc4 25. Nc3 Ra5 26. g3 a3 {[#] Threatens to win with ...axb2.} 27. Nb1 axb2 28. Rxb2 Rc7 29. Kg2 Ke8 30. Rd3 Rca7 {An uneventful encounter.  Weighted Error Value: White=0.04/Black=0.05} 1/2-1/2

[Event "78th LOTTO POL-ch 2021"]
[Site "Bydgoszcz"]
[Date "2021.05.07"]
[Round "4.2"]
[White "Wojtaszek, Radoslaw"]
[Black "Moranda, Wojciech"]
[Result "1-0"]
[WhiteElo "2694"]
[BlackElo "2618"]
[Annotator "TA"]
[PlyCount "91"]
[EventDate "2021.04.29"]
[EventType "k.o."]
[EventCountry "POL"]
[SourceTitle "playchess.com"]
[Source "ChessBase"]
[SourceQuality "1"]

{[%evp 12,91,10,15,27,19,28,27,31,-8,23,-14,16,15,14,10,20,16,40,23,27,26,37,18,46,18,24,0,90,85,85,100,110,108,100,105,101,107,99,105,102,101,102,108,118,124,105,111,128,100,179,188,181,181,166,177,181,182,241,245,297,307,511,511,519,526,522,529,523,517,515,510,512,461,878,858,12842,6307,29985,29986,29984,29981]} 1. Nf3 Nf6 2. g3 b6 3. d4 Bb7 4. c4 e6 5. Bg2 Be7 6. O-O O-O 7. Re1 a5 {7...Na6 is becoming the main line. E17: Queen's Indian: 4 g3 Bb7 5 Bg2 Be7.} 8. Bf4 d6 9. Nc3 Ne4 {White has an edge.} 10. Rc1 Nd7 11. Qd3 {[#]} Nxc3 $146 (11... f5 {is more complex.} 12. Red1 Nxc3 13. Qxc3 Qe8 14. Be3 Qh5) ({Predecessor:} 11... f5 12. Nd2 Nxc3 13. Bxb7 Nxa2 14. Bxa8 Qxa8 15. Qe3 Kf7 16. Rcd1 Nb4 {0-1 (44) Gorozhanin,M (2315)-Makarov,M (2512) St Petersburg 2013}) 12. Rxc3 h6 13. e4 a4 14. Rc2 Ra7 15. Rce2 Qa8 16. h4 Nf6 17. Nh2 Nd7 18. Bh3 Re8 19. Bd2 c5 {[#]} (19... c6 $11) 20. d5 $1 $16 {White now steadily converts the win.} Ne5 {[#]} 21. Qc2 exd5 22. exd5 {Hoping for Bc3.} Ba6 23. Re4 b5 {[%cal Rb5c4]} 24. Bc3 bxc4 25. Bxe5 dxe5 26. Rxe5 {And now d6 would win.} Bb5 27. Ng4 Bd6 28. Rxe8+ Bxe8 29. Ne3 Bb5 30. Bf1 a3 (30... Re7 $16) 31. Bxc4 $18 Bd7 32. bxa3 Rxa3 33. Bb3 Ra6 34. Nc4 Bf8 (34... Qb8 $142) 35. Ne5 Be8 36. Qe4 Ba4 $2 (36... Rd6 {was necessary.} 37. h5 Qc8) 37. Bc4 Rd6 38. h5 Be8 39. Bd3 {[%csl Gd3][%cal Re4h7]} g6 40. Nc4 Rd8 41. hxg6 fxg6 42. Qg4 {aiming for Nb6.} Qc8 (42... h5 $142 43. Qg5 (43. Qe6+ Bf7 $14) 43... Rd7 44. Bxg6 Rg7) 43. Re6 g5 44. Qf5 {[%csl Gd3][%cal Rf5h7]} Qd7 45. Ne5 Qg7 46. Rf6 {Weighted Error Value: White=0.04/Black=0.36} 1-0

[Event "78th LOTTO POL-ch 2021"]
[Site "Bydgoszcz"]
[Date "2021.05.07"]
[Round "4.2"]
[White "Teclaf, Pawel"]
[Black "Socko, Bartosz"]
[Result "0-1"]
[WhiteElo "2502"]
[BlackElo "2618"]
[Annotator "TA"]
[PlyCount "120"]
[EventDate "2021.04.29"]
[EventType "k.o."]
[EventCountry "POL"]
[SourceTitle "playchess.com"]
[Source "ChessBase"]
[SourceQuality "1"]

{[%evp 9,120,-2,-17,-10,16,13,16,13,16,-10,6,-1,16,20,7,12,29,-27,-22,-36,-9,-45,-44,-51,-49,-47,-47,-43,-39,-83,-64,-117,-102,-136,-138,-151,-149,-149,-144,-118,-153,-154,-104,-129,-129,-200,-195,-185,-190,-152,-11,-52,-44,-52,-13,-148,-162,-164,-111,-109,0,0,0,0,83,-75,-75,-75,-75,-74,-74,-73,-74,-74,-72,-81,-19,-12,-11,-68,-66,-201,-89,-93,0,-198,-190,-393,-381,-439,-242,-630,-555,-555,-324,-324,-324,-369,-359,-636,-613,-591,-572,-550,-534,-1132,-1123,-1099,-994,-1052,-1013,-968,-967]} 1. c4 e5 2. Nc3 d6 3. Nf3 f5 4. d4 e4 5. Bg5 Be7 6. Bxe7 {A21: English Opening: 1...e5 2 Nc3.} Nxe7 (6... Qxe7 {is more complex.} 7. Nd2 Nf6 8. e3 c5 9. Be2 Nc6) 7. Nd2 O-O 8. e3 {The position is equal.} c6 9. f4 {[#]} Be6 $146 ({Predecessor:} 9... exf3 10. Nxf3 Nd7 11. Bd3 Nf6 12. O-O d5 13. b3 Kh8 14. Qc2 g6 15. c5 Qc7 {½-½ (28) David,P (2335)-Prymula,R (2305) Hradec Kralove 1988}) 10. g4 d5 11. g5 $1 Nd7 12. Rc1 Bf7 {With the idea ...c5.} 13. c5 (13. cxd5 $142 $1 Nxd5 14. Nxd5 Bxd5 15. Bc4) 13... b6 $11 14. Na4 Qc7 (14... b5 $5 15. Nc3 $8 Qb8 $11) 15. Qe2 Rfb8 $36 {[%mdl 2048] Black has good play.} 16. b3 Nf8 17. Bh3 Ne6 18. O-O Rf8 19. Qf2 Bh5 20. Rfe1 (20. Bg2 $15) 20... Ng6 {[%cal Rg6f4]} 21. Bf1 b5 $1 {[%cal Rb5a4]} 22. Nc3 Ngxf4 23. exf4 Qxf4 24. Qxf4 Nxf4 25. b4 Ne6 {[%cal Bf4e6,Be6g5,Bg5f3][%mdl 32]} 26. Nb3 Nxg5 27. Na5 (27. Bg2 $17 {keeps fighting.}) 27... Nf3+ $19 {[%mdl 64] Double Attack} 28. Kf2 Nxe1 29. Kxe1 Rac8 (29... Be8 $1 $17 {And now ...f4 would win.} 30. Bxb5 cxb5 31. Nxd5 Rd8 32. Ne7+ Kf7 33. Nxf5 Rd5 34. Nd6+ Ke6) 30. Nxc6 Rxc6 31. Nxd5 {Hoping for Ne7+.} Rh6 (31... Kf7 {is interesting.} 32. Bxb5 Rg6 33. Rc3 Bf3 34. c6 a6) 32. c6 {[#]} (32. Ne7+ $1 $11 Kf7 33. Nxf5) 32... f4 $1 $17 33. h3 {[#] Strongly threatening c7.} Rd6 (33... Be8 $1 $19 34. c7 Bd7 35. Ne7+ Kf7) 34. Rc5 Be8 (34... g5 $17 35. c7 Kg7) 35. Bxb5 $11 f3 36. Kf2 a6 (36... g6 $11) 37. Ne7+ $2 (37. Bxa6 $16 {stays on course. Bc4 is the strong threat.} e3+ 38. Nxe3 Bxc6 39. Nf5 Rxf5 40. Rxf5 Rxd4 41. a3) 37... Kf7 $17 38. Nf5 e3+ $1 39. Kxf3 axb5 40. Nxd6+ Ke6+ {[%mdl 64] Discovered Attack} 41. Kxe3 Kxd6 {[%mdl 4096] Endgame KRB-KR} 42. d5 Bg6 (42... Bh5 $17 43. Rxb5 Bf3) 43. Rxb5 $11 Re8+ 44. Kf4 ({Better is} 44. Kd4 $1 $11) 44... Re4+ $15 45. Kg5 (45. Kg3 $15) 45... Re5+ (45... Bf7 $19 {is more deadly.} 46. Rb7 h6+ 47. Kf5 Re5+ 48. Kg4 Rg5+ 49. Kf4 Bxd5 {[%mdl 64] Double Attack}) 46. Kf4 $17 Re4+ (46... Bd3 $17 47. Rb7 Rxd5 48. Rxg7 Kxc6) 47. Kg5 $19 Bf7 {( -> ...Ke5)} 48. Kf5 (48. Rb7 h6+ 49. Kf5 Re5+ 50. Kg4 Bxd5 51. Rxg7) 48... Bxd5 49. Rb6 Rc4 (49... Rd4 $142 50. Rb7 Kxc6 51. Rxg7 Bxa2) 50. b5 $2 (50. Rb7) 50... Be6+ 51. Kg5 Rc5+ {[%mdl 64] Discovered Attack} 52. Kf4 g5+ ({Much less strong is} 52... Bxh3 53. Rb8 $19) 53. Ke4 Bxa2 54. Rb7 $2 (54. Kd4 Rc4+ 55. Ke3) 54... Be6 {Black is clearly winning.} 55. Kd4 Rc4+ 56. Kd3 Rh4 57. c7 {If White can now play Rb6+ this consolidates a bit.} Rxh3+ 58. Kd4 Rh4+ 59. Kd3 Bc8 60. Ra7 Rb4 {Weighted Error Value: White=0.43/Black=0.29} 0-1

[Event "78th LOTTO POL-ch 2021"]
[Site "Bydgoszcz"]
[Date "2021.05.07"]
[Round "4.4"]
[White "Wojtaszek, Radoslaw"]
[Black "Moranda, Wojciech"]
[Result "1-0"]
[WhiteElo "2694"]
[BlackElo "2618"]
[Annotator "TA"]
[PlyCount "77"]
[EventDate "2021.04.29"]
[EventType "k.o."]
[EventCountry "POL"]
[SourceTitle "playchess.com"]
[Source "ChessBase"]
[SourceQuality "1"]

{[%evp 12,77,13,12,20,20,19,18,18,0,18,12,21,22,25,0,24,6,23,0,38,35,75,40,53,64,64,38,39,56,62,39,41,40,37,42,36,23,38,6,0,20,177,177,344,337,323,313,338,253,322,338,364,275,552,551,645,629,579,429,400,402,831,817,809,807,966,965]} 1. Nf3 Nf6 2. g3 b6 3. d4 Bb7 4. c4 e6 5. Bg2 Be7 6. O-O O-O 7. Re1 Ne4 {7...Na6 is the modern continuation. E17: Queen's Indian: 4 g3 Bb7 5 Bg2 Be7.} 8. Nfd2 d5 9. cxd5 exd5 {The position is equal.} 10. Nc3 {[%cal Rd2e4]} f5 11. Ndxe4 dxe4 12. Bf4 Nc6 {[%cal Bb8c6,Bc6a5,Ba5c4][%mdl 32]} 13. Qb3+ Kh8 {[#]} 14. d5 $146 ({Predecessor:} 14. Red1 Bd6 15. Bxd6 cxd6 16. d5 Ne5 17. Nb5 Ba6 18. Nd4 Bc4 19. Qe3 Ng4 20. Qa3 {½-½ (44) Mesquita Jr,F (2371)-Sanchez,M (2369) ICCF email 2018}) 14... Na5 15. Qa4 Bd6 16. Bxd6 cxd6 17. Rac1 Rc8 18. Qd4 Ba6 19. f3 Nc4 20. fxe4 f4 21. gxf4 Rxf4 22. Rf1 Rxf1+ 23. Rxf1 Qg5 24. Nd1 {[%cal Bc3d1,Bd1e3,Be3f5][%mdl 32]} Ne5 25. Qf2 {Threatening mate with Qf8+!} h6 26. Ne3 $40 {[%mdl 128] White has some attack.} Qh5 $2 {[#] Black cannot hold the game after this.} (26... Rc7 $11 {and Black is okay.}) 27. Nf5 $1 $18 Qxe2 $2 (27... Rc2) 28. Qxe2 ({Inferior is} 28. Nxd6 Qxf2+ 29. Rxf2 Rc1+ 30. Bf1 Ng4 $11) 28... Bxe2 29. Nxd6 Rc7 30. Rf8+ Kh7 31. Rc8 Rd7 32. Nf5 g6 $2 (32... Bh5 {keeps fighting.} 33. Nd4 Kg6) 33. Nd4 Bh5 34. Re8 Nc4 35. b3 g5 36. Rc8 Ne3 (36... Ne5 $142 37. Nc6 Nxc6) 37. Ne6 {White is clearly winning.} Rf7 38. d6 Bg4 {[#]} 39. d7 $1 {Weighted Error Value: White=0.12/Black=0.39} 1-0

[Event "78th LOTTO POL-ch 2021"]
[Site "Bydgoszcz"]
[Date "2021.05.07"]
[Round "4.4"]
[White "Moranda, Wojciech"]
[Black "Wojtaszek, Radoslaw"]
[Result "1/2-1/2"]
[WhiteElo "2618"]
[BlackElo "2694"]
[Annotator "TA"]
[PlyCount "91"]
[EventDate "2021.04.29"]
[EventType "k.o."]
[EventCountry "POL"]
[SourceTitle "playchess.com"]
[Source "ChessBase"]
[SourceQuality "1"]

{[%evp 27,91,13,21,4,27,27,34,27,26,29,31,23,31,30,31,24,37,25,49,54,61,61,61,61,61,55,55,55,55,55,55,55,64,61,64,64,64,64,64,45,72,72,72,72,72,72,72,72,72,72,72,72,72,72,72,72,72,72,72,72,72,72,72,72,72,72]} 1. e4 e5 2. Nf3 Nc6 3. Nc3 Nf6 4. d4 exd4 5. Nxd4 Bb4 6. Nxc6 bxc6 7. Bd3 d5 8. exd5 cxd5 9. O-O O-O 10. Bg5 c6 11. Qf3 h6 12. Bxf6 Qxf6 13. Qxf6 gxf6 14. Ne2 Rb8 15. Nd4 {C47: Scotch Four Knights and Four Knights with 4 g3.} (15. Rab1 {with more complications.} Re8 16. a3 Bd6 17. b4 Bd7 18. Ng3) 15... Rb6 16. Nf5 Bxf5 17. Bxf5 {White is slightly better.} Re8 18. Rad1 Re5 19. Bd3 {[#]} Rb8 $146 ({Predecessor:} 19... a5 20. a4 Bc5 21. b3 Rb4 22. Ba6 f5 23. Rd3 f4 24. Rh3 Kg7 25. Bd3 Be7 {½-½ (39) Gordyk,L (2166)-Eljanov,P (2672) Chess.com INT 2020}) 20. g3 Ba5 21. b3 Rbe8 22. Ba6 Bc3 23. Rd3 d4 24. Rf3 Kg7 25. a4 c5 26. Kg2 Be1 27. h4 R8e6 28. Bc4 Rc6 29. Bd3 a5 30. Rf5 {[#] And now Rxe5 would win.} Rxf5 31. Bxf5 $14 {[%mdl 4096] Endgame KRB-KRB} Bc3 32. Bd3 Re6 33. Rd1 (33. g4 {is interesting.} Re5 34. Kf3 Re8 35. Kg3 Bd2 36. Rg1) 33... Re1 34. Rxe1 {White is better.} Bxe1 $16 {KB-KB} 35. Kf1 Bb4 36. Ke2 Kf8 37. f4 Ke7 38. h5 Ke6 39. Bc4+ Ke7 40. g4 Bc3 41. Kd3 Bb4 42. Ke4 Bd2 43. Kd5 Bb4 44. Bd3 Kf8 45. Kc6 Ke7 46. Bc4 {Weighted Error Value: White=0.02/Black=0.03} 1/2-1/2